| 000 | 01377nam a2200289 4500 | ||
|---|---|---|---|
| 001 | 113974 | ||
| 003 | DR-UNIBE | ||
| 005 | 20250729143910.0 | ||
| 008 | 250729b2005 ho ||||| |||| 00| 0 spa d | ||
| 020 | _a999266908X | ||
| 040 |
_aBIBLIOTECA UNIBE _bspa _cBIBLIOTECA UNIBE _erda |
||
| 041 | _aspa | ||
| 082 |
_222 _a342.9728 R426L |
||
| 110 | 1 | 0 |
_aRepública de Honduras. Leyes, decretos, etc. _9194690 _eautor |
| 245 | 1 | 0 |
_aLey sobre justicia constitucional decreto No. 244-2003 : _bLey de amparo decreto No. 9 14 abril 1936 |
| 260 |
_aTegicigalpa : _bOim Editorial, _c2005 |
||
| 300 |
_a66 páginas : _c21 x 13 cm |
||
| 490 |
_aColección de leyes hondureñas ; _v5 |
||
| 500 | _aComentario de la obra en la contraportada | ||
| 505 | _aTítulo I. Disposiciones generales | Título II. De la acciones de protección de los derechos constitucionales | Título III. Del control de constitucionalidad | Título IV. De la revision | Título V. De los conflictos de competencia | Título VI. Disposiciones comunes a las acciones que regula esta Ley | Ley de Amparo 1936 | ||
| 650 | 7 |
_2lemb _aDerecho constitucional _zHonduras _9197965 |
|
| 650 | 7 |
_2lemb _aAmparo (Derecho) _9197966 |
|
| 651 | 7 |
_2lemb _aHonduras _xConstitución _9197962 |
|
| 700 | 1 | 0 |
_aMartínez Velásquez, Otto Wilfredo _9194691 _eeditor |
| 700 | 1 | 0 |
_aFlores, María T. _9194692 _eeditor |
| 942 |
_2ddc _cBK |
||
| 999 |
_c113974 _d113974 |
||